Top 10 Largest Cities in South America - Sudden Death - Statistics

General Stats
  • This quiz has been taken 54 times
  • The average score is 4 of 10
Answers on the Grid
Answers color-coded by a green-red scale on the quiz's grid according to % correct below.
Buenos Aires
Sao Paulo
Lima
Bogota
Rio de Janeiro
Santiago
Caracas
Salvador
Fortaleza
Cali
Belo Horizonte
Brasilia
Medellin
Guayaquil
Maracay
Curitiba
Asuncion
Recife
Cordoba
Belem
Quito
Valencia
Barranquilla
Porto Alegre
Santa Cruz de la Sierra
 
Answer Stats
Answer % Correct
Lima
75%
Santiago
75%
Sao Paulo
75%
Bogota
50%
Buenos Aires
50%
Rio de Janeiro
50%
Caracas
25%
Cali
0%
Fortaleza
0%
Salvador
0%
No matching quizzes found
Score Distribution
Percent of People with Each Score
Percentile by Number Answered
Your Score History
You have not taken this quiz